00742 2200265 4500001002100000005001500021035002000036007000300056008004100059020002200100082001200122084001800134100002800152245004900180250001000229300002900239700003700268600002300305600001900328264004300347336002100390337003000411338002300441990001200464INLIS00000000000011720230713102309 a0010-0723000093ta230713 0  a978-602-9122-27-5 a629.276 a629.276 BUD a0 aBudi MaryonoePengarang1 aAirbag dan Safety Belt (SRS) /cBudi Maryono acet 1 a108 hlm :bilus ;c25 cm0 aM. Alaika SalamullohePenyunting 4aKendaraan Bermotor 4aSabuk Pengaman aKlaten :bSaka Mitra Kompetensi,c2017 2rdacontentateks 2rdamediaatanpa perantara 2rdacarrieravolume a20.0101